Kiểm tra vốn thành ngữ tiếng Anh của bạn Test Your Englisch Idioms

Saved in:
Bibliographic Details
Main Author: Jones Peter Watcyn
Other Authors: Nguyễn Trung Tánh Phạm Tấn Quyền Nguyễn Trí Lợi (Dịch)
Format: Book
Language:Vietnamese
Published: Thành phố Hồ Chí Minh Thành phố Hồ Chí Minh 1997
Subjects:
Tags: Add Tag
No Tags, Be the first to tag this record!
Institutions: Mạng thư viện Đại học Đà Nẵng
LEADER 01195nam a2200325 4500
001 000015659
003 12042
005 20120531090505.0
008 120531s1997 viesd
020 |c 0đ 
041 0 |a vie 
082 |a 428  |b JO-W 
100 0 |a Jones Peter Watcyn 
245 0 |a Kiểm tra vốn thành ngữ tiếng Anh của bạn  |b Test Your Englisch Idioms  |c Jones Peter Watcyn; Nguyễn Trung Tánh, Phạm Tấn Quyền, Nguyễn Trí Lợi(Dịch) 
260 |a Thành phố Hồ Chí Minh  |b Thành phố Hồ Chí Minh  |c 1997 
300 |a 132 tr.  |c 21 cm 
653 |a Thành ngữ 
653 |a Tiếng Anh 
653 |a Kiểm tra 
700 |a Nguyễn Trung Tánh  |a Phạm Tấn Quyền  |a Nguyễn Trí Lợi  |e Dịch 
OWN |a LSP 
AVA |a UDN50  |b LSP  |d 428 JO-W  |e available  |t Error 5001 Not defined in file expand_doc_bib_avail.  |f 5  |g 0  |h N  |i 0  |k 1 
999 |a From the UDN01 
AVA |a UDN50  |b LSP  |d 428 JO-W  |e available  |t Error 5001 Not defined in file expand_doc_bib_avail.  |f 5  |g 0  |h N  |i 0  |k 1 
TYP |a Monograph 
TYP |a Printed language 
980 |a Mạng thư viện Đại học Đà Nẵng